| 000 | 00718 a2200241 4500 | ||
|---|---|---|---|
| 005 | 20260406163048.0 | ||
| 008 | 260406b |||||||| |||| 00| 0 eng d | ||
| 020 | _a978-3-031-77861-2 | ||
| 037 | _cTB | ||
| 040 |
_aCRL _cCRL |
||
| 041 |
_2eng _aeng |
||
| 084 |
_aY150aL:5.2 R5 _qCRL |
||
| 245 | _aAtlas of gender and health inequalities in India | ||
| 260 |
_aSwitzerland: _bSpringer, _c2023. |
||
| 300 | _a247p. | ||
| 365 |
_b1995 _cINR |
||
| 650 | _aWomen-India | ||
| 650 | _aSociology | ||
| 650 | _aMedicine | ||
| 700 |
_aGuilmoto, Christophe Z. _eEditor, _91115566 |
||
| 942 |
_cTB _2CC _hY150aL:5.2 R5 |
||
| 999 |
_c1679529 _d1679529 |
||